[Event "Euro Online U2300 Day 1"]
[Site "chess.com INT"]
[Date "2020.05.25"]
[Round "4"]
[White "Mravunac, Damir"]
[Black "Marchesich, Giovanni"]
[Result "0-1"]
[WhiteElo "2132"]
[BlackElo "2046"]
[WhiteFideId "14502810"]
[BlackFideId "2824790"]
[EventDate "2020.05.25"]

1. f4 g6 2. Nf3 d5 3. e3 Bg7 4. d4 Nf6 5. Bd3 c5 6. c3 Nc6 7. Ne5 Ne4 8. Nd2 Bf5
9. Qc2 cxd4 10. exd4 Rc8 11. Nxc6 Rxc6 12. Nxe4 Bxe4 13. Bxe4 dxe4 14. Qa4 O-O
15. O-O a6 16. Be3 Qd5 17. Rac1 Rfc8 18. Qb4 R6c7 19. a4 Bf8 20. a5 e5 21. Qa4
Rc4 22. Qd1 exd4 23. Bxd4 Bc5 24. Bxc5 Qxc5+ 25. Kh1 Qxa5 26. f5 Qe5 27. Qg4 e3
28. Qe2 Rf4 29. Rxf4 Qxf4 30. Rf1 Qe5 31. Rf3 Rd8 32. fxg6 hxg6 33. h3 Rd2 34.
Qe1 Qd6 35. Rxe3 Rd1 36. Kg1 Rxe1+ 37. Rxe1 Qd2 0-1

[Event "Euro Online U2300 Day 1"]
[Site "chess.com INT"]
[Date "2020.05.25"]
[Round "4"]
[White "Kabadayi, Can"]
[Black "Pazdziora, Michal"]
[Result "1-0"]
[WhiteElo "2176"]
[BlackElo "2197"]
[WhiteFideId "6306810"]
[BlackFideId "1124234"]
[EventDate "2020.05.25"]

1. d4 d5 2. c4 c6 3. Nf3 e6 4. g3 Nf6 5. Bg2 dxc4 6. Ne5 Nbd7 7. Nxc4 Be7 8. O-O
O-O 9. Nc3 Nb6 10. Ne5 Nbd5 11. e4 Nxc3 12. bxc3 Nd7 13. Nd3 e5 14. f4 Qa5 15.
dxe5 Qxc3 16. Bb2 Qc4 17. f5 Nc5 18. Nxc5 Qxc5+ 19. Kh1 Rd8 20. Qg4 Bf8 21. e6
Kh8 22. exf7 Qc4 23. Qg5 Rd7 24. e5 Rxf7 25. e6 Rc7 26. Qd8 Bxe6 27. Qxa8 Rc8
28. Qxb7 1-0

[Event "Euro Online U2300 Day 1"]
[Site "chess.com INT"]
[Date "2020.05.25"]
[Round "4"]
[White "Gottstein, Claudius-Thomas"]
[Black "Potapova, Margarita"]
[Result "0-1"]
[BlackTitle "WIM"]
[WhiteElo "2113"]
[BlackElo "2270"]
[WhiteFideId "4653327"]
[BlackFideId "14126869"]
[EventDate "2020.05.25"]

1. e4 c5 2. Nf3 d6 3. Bb5+ Nd7 4. O-O a6 5. Bd3 g6 6. c3 Bg7 7. Bc2 Ngf6 8. d4
O-O 9. a4 e5 10. d5 b6 11. Bg5 h6 12. Bd2 Nh5 13. Na3 Rb8 14. g3 Qe8 15. Re1 b5
16. axb5 axb5 17. Qc1 Kh7 18. b3 f5 19. c4 bxc4 20. Nxc4 Rf6 21. Ra7 Rb7 22. Qa3
Qf8 23. exf5 gxf5 24. Nh4 Kg8 25. Rxb7 Bxb7 26. Nxf5 Rxf5 27. Bxf5 Qxf5 28. Nxd6
Qd3 29. Nxb7 Qxd2 30. Qa8+ Kh7 31. Qa5 Qxd5 32. Qc7 Nhf6 33. Rc1 Qd2 34. Rc4
Qd1+ 35. Kg2 Qxb3 36. Rh4 Qd5+ 37. Kg1 e4 38. Nd6 Ng4 39. Qxd7 Qd1+ 40. Kg2 Qf3+
41. Kg1 Qxf2+ 0-1

[Event "Euro Online U2300 Day 1"]
[Site "chess.com INT"]
[Date "2020.05.25"]
[Round "4"]
[White "Havelka, Ondrej"]
[Black "Gubarev, Vsevolod"]
[Result "1-0"]
[WhiteElo "2140"]
[BlackElo "2194"]
[WhiteFideId "349526"]
[BlackFideId "4164660"]
[EventDate "2020.05.25"]

1. d4 Nf6 2. c4 c6 3. Nf3 d5 4. Nc3 dxc4 5. g3 e6 6. Bg2 c5 7. O-O cxd4 8. Nxd4
Be7 9. Qa4+ Nbd7 10. Rd1 O-O 11. Qxc4 a6 12. Be3 Rb8 13. Qb3 Ng4 14. Nxe6 fxe6
15. Qxe6+ Kh8 16. Qxg4 Bf6 17. Be4 Qe8 18. Qf5 g6 19. Qd5 Ne5 20. Bf4 Be6 21.
Qc5 Bf7 22. Bg2 g5 23. Be3 Nc6 24. Rac1 h6 25. Nd5 Bxb2 26. Rb1 Be5 27. Nb4 Nxb4
28. Rxb4 b5 29. Re4 1-0

[Event "Euro Online U2300 Day 1"]
[Site "chess.com INT"]
[Date "2020.05.25"]
[Round "4"]
[White "Batashevs, Arsens"]
[Black "Thorsteinsson, Thorsteinn"]
[Result "1-0"]
[BlackTitle "FM"]
[WhiteElo "2166"]
[BlackElo "2271"]
[WhiteFideId "11603593"]
[BlackFideId "2300281"]
[EventDate "2020.05.25"]

1. Nf3 d5 2. e3 Nf6 3. b3 e6 4. Bb2 Be7 5. c4 O-O 6. Nc3 b6 7. Qc2 Bb7 8. Bd3
Nbd7 9. Ng5 h6 10. Bh7+ Kh8 11. h4 dxc4 12. bxc4 e5 13. Ne2 e4 14. Bxe4 Nxe4 15.
Nxe4 Bxh4 16. Nf4 Bxe4 17. Qxe4 Bf6 18. Bxf6 Nxf6 19. Qf5 Qe7 20. Ke2 Nh7 21.
Rh3 Rad8 22. Rah1 Qg5 23. Rh5 Qxf5 24. Rxf5 Kg8 25. d4 Rfe8 26. Kd3 c6 27. Rfh5
Nf6 28. R5h3 Ne4 29. Rf1 Ng5 30. Rh5 Re5 31. Nd5 Ree8 32. Nc3 f6 33. a4 Ne6 34.
Kc2 Ng5 35. Kd3 Ne6 36. a5 Nc5+ 37. Kc2 Ne4 38. axb6 axb6 39. Nxe4 Rxe4 40. Rb1
c5 41. Kd3 Re6 42. d5 Red6 43. Ra1 Kf7 44. e4 Kg6 45. g4 Re8 46. f3 Re5 47. f4
Rxh5 48. gxh5+ Kxh5 49. e5 fxe5 50. fxe5 Rg6 51. d6 Rg4 52. Ke3 Rd4 53. Ra7 g5
54. d7 g4 55. e6 g3 56. e7 1-0

[Event "Euro Online U2300 Day 1"]
[Site "chess.com INT"]
[Date "2020.05.25"]
[Round "4"]
[White "Malynovskyi, Rostyslav"]
[Black "Stan, Andrei-Mihaita"]
[Result "1/2-1/2"]
[WhiteTitle "FM"]
[WhiteElo "2174"]
[BlackElo "2044"]
[WhiteFideId "14150883"]
[BlackFideId "1232118"]
[EventDate "2020.05.25"]

1. d4 e6 2. c4 Nf6 3. Nf3 b6 4. g3 Bb7 5. Bg2 Bb4+ 6. Bd2 Be7 7. Nc3 O-O 8. O-O
d5 9. Ne5 Qc8 10. cxd5 Nxd5 11. e4 Nxc3 12. Bxc3 Nd7 13. Nxd7 Qxd7 14. Qe2 c5
15. Rad1 cxd4 16. Bxd4 Qa4 17. b3 Qb4 18. Qg4 g6 19. Qf4 f6 20. Qg4 e5 21. Qe6+
Rf7 22. Bb2 Kg7 23. Rfe1 Rd8 24. a3 Qc5 25. Rxd8 Bxd8 26. Bf1 Re7 27. Qc4 Qxc4
28. Bxc4 Rd7 29. Bc3 Be7 1/2-1/2

[Event "Euro Online U2300 Day 1"]
[Site "chess.com INT"]
[Date "2020.05.25"]
[Round "4"]
[White "Puzyrevsky, Semen"]
[Black "Tsereteli, Kakhaber"]
[Result "1-0"]
[WhiteElo "1667"]
[BlackElo "1990"]
[WhiteFideId "24240931"]
[BlackFideId "13604503"]
[EventDate "2020.05.25"]

1. d4 d5 2. Bf4 Nf6 3. e3 g6 4. Nf3 Bg7 5. Be2 O-O 6. Nbd2 c6 7. Ne5 Nfd7 8.
Ndf3 f6 9. Nxd7 Nxd7 10. h4 e5 11. dxe5 fxe5 12. Bg5 Qe8 13. h5 h6 14. Bh4 g5
15. Bg3 e4 16. Nd4 Ne5 17. b4 Bd7 18. c3 a5 19. a3 b6 20. O-O Kh8 21. Qb3 a4 22.
Qa2 b5 23. Qd2 g4 24. f4 gxf3 25. gxf3 exf3 26. Nxf3 Ng4 27. Nh4 Qxh5 28. Qc2
Kg8 29. Bd3 Rxf1+ 30. Rxf1 Nxe3 31. Bh7+ Kh8 32. Ng6+ Qxg6 33. Qxg6 Nxf1 34.
Kxf1 Rf8+ 35. Kg1 Bf5 36. Qxc6 Bxh7 37. Qxd5 Rg8 38. Kh2 Re8 39. Qxb5 1-0

[Event "Euro Online U2300 Day 1"]
[Site "chess.com INT"]
[Date "2020.05.25"]
[Round "4"]
[White "Akhmedov, David"]
[Black "Kopylov, Artem"]
[Result "1-0"]
[WhiteElo "1808"]
[BlackElo "2107"]
[WhiteFideId "34220194"]
[BlackFideId "44139365"]
[EventDate "2020.05.25"]

1. e4 e5 2. Nf3 Nc6 3. Nc3 Nf6 4. d4 exd4 5. Nxd4 Bb4 6. Nxc6 bxc6 7. Bd3 O-O 8.
O-O d5 9. exd5 cxd5 10. Bg5 c6 11. Qf3 Bd6 12. Ne2 Bg4 13. Qxg4 Nxg4 14. Bxd8
Raxd8 15. h3 Ne5 16. Nd4 c5 17. Nf5 g6 18. Nxd6 Rxd6 19. Be2 d4 20. Rad1 Rb8 21.
b3 Nd7 22. Rd2 Nf6 23. Bf3 Re8 24. Rfd1 Rde6 25. Kf1 Ne4 26. Bxe4 Rxe4 27. g3 f5
28. Rc1 f4 29. g4 Kg7 30. c3 R8e7 31. cxd4 cxd4 32. Rcd1 Rd7 33. Kg1 g5 34. f3
Re3 35. Rxd4 Rxd4 36. Rxd4 Rxf3 37. Rd7+ Kg6 38. Rxa7 Rxh3 39. b4 h5 40. gxh5+
Rxh5 41. b5 Kf5 42. b6 Kg4 43. b7 1-0

[Event "Euro Online U2300 Day 1"]
[Site "chess.com INT"]
[Date "2020.05.25"]
[Round "4"]
[White "Petricek, Lukas"]
[Black "Deuer, Marius"]
[Result "0-1"]
[WhiteElo "2096"]
[BlackElo "2122"]
[WhiteFideId "23703318"]
[BlackFideId "16236432"]
[EventDate "2020.05.25"]

1. e4 e5 2. Nf3 Nc6 3. Bb5 a6 4. Ba4 Nf6 5. O-O Be7 6. Re1 b5 7. Bb3 d6 8. h3
O-O 9. c3 Nb8 10. d4 Nbd7 11. Nbd2 Bb7 12. Bc2 c5 13. Nf1 cxd4 14. cxd4 exd4 15.
Nxd4 Re8 16. Bf4 Bf8 17. Ng3 Nc5 18. f3 d5 19. e5 Nfd7 20. Ngf5 g6 21. Nd6 Bxd6
22. exd6 Qf6 23. Qd2 Ne6 24. Nxe6 fxe6 25. Bb3 a5 26. a3 e5 27. Bxd5+ Bxd5 28.
Qxd5+ Qf7 29. Qxf7+ Kxf7 30. Bg5 Ke6 31. Be7 Rac8 32. Rac1 Nb6 33. Rxc8 Rxc8 34.
f4 Nd7 35. fxe5 Rc2 36. b4 axb4 37. axb4 Rc4 38. g4 Rxb4 39. g5 Rb2 40. Bf6 b4
41. Rc1 b3 42. Kh1 Rc2 0-1

[Event "Euro Online U2300 Day 1"]
[Site "chess.com INT"]
[Date "2020.05.25"]
[Round "4"]
[White "Saveliev, Alexei"]
[Black "Tsaknakis, Zisis"]
[Result "1-0"]
[WhiteTitle "IM"]
[WhiteElo "2352"]
[BlackElo "2217"]
[WhiteFideId "24128546"]
[BlackFideId "4259963"]
[EventDate "2020.05.25"]

1. e4 c5 2. Nf3 d6 3. d4 cxd4 4. Nxd4 Nf6 5. Nc3 a6 6. Be2 e5 7. Nb3 Be7 8. Be3
Be6 9. Nd5 Bxd5 10. exd5 O-O 11. O-O Nbd7 12. Qd3 a5 13. c4 b6 14. Rac1 Ne8 15.
Nd2 f5 16. f4 e4 17. Qc2 Nc5 18. b3 Bf6 19. Kh1 Qd7 20. Rg1 g6 21. g4 fxg4 22.
Bxg4 Qe7 23. Rg2 Ng7 24. f5 g5 25. Bxc5 bxc5 26. Nxe4 Rae8 27. Re1 h5 28. Bd1
Qe5 29. Qf2 Kh8 30. Bc2 Qxf5 31. Qxf5 Nxf5 32. Rf1 Rxe4 33. Bxe4 Ne3 34. Rxf6
Rxf6 35. Rxg5 Rf1+ 36. Rg1 Rf4 37. Bd3 Rf2 38. Re1 Ng4 39. Re2 Rf3 40. Be4 Rf1+
41. Kg2 Rf4 42. Kg3 Rf1 43. Kh4 Nf6 44. Bd3 Kg7 45. Rg2+ Kf7 46. Bxf1 1-0

[Event "Euro Online U2300 Day 1"]
[Site "chess.com INT"]
[Date "2020.05.25"]
[Round "4"]
[White "Eden, James"]
[Black "Yordanov, Lachezar"]
[Result "0-1"]
[WhiteTitle "IM"]
[BlackTitle "FM"]
[WhiteElo "2330"]
[BlackElo "2307"]
[WhiteFideId "666491"]
[BlackFideId "2918927"]
[EventDate "2020.05.25"]

1. e4 c5 2. Nf3 Nc6 3. c3 Nf6 4. e5 Nd5 5. d4 cxd4 6. cxd4 d6 7. Bc4 dxe5 8.
dxe5 Ndb4 9. Qb3 e6 10. O-O Na5 11. Bb5+ Nbc6 12. Bxc6+ Nxc6 13. Bg5 Qd5 14.
Qxd5 exd5 15. Nc3 Be6 16. Nb5 Rc8 17. Rac1 a6 18. Nbd4 Kd7 19. a3 h6 20. Be3 g5
21. Nxc6 bxc6 22. Bc5 Bg7 23. Bd6 f6 24. Rfe1 Rhe8 25. Nd4 Bf7 26. e6+ Bxe6 27.
Bb4 f5 28. Nb3 Bf7 29. Nc5+ Kc7 30. Nxa6+ Kb6 31. Nc5 Rxe1+ 32. Rxe1 Re8 33.
Rxe8 Bxe8 34. Nd3 f4 35. Bd6 Bd4 36. Be5 Bxe5 37. Nxe5 Kc5 38. Kf1 Kd4 39. Nf3+
Kd3 40. Ne5+ Kc2 41. a4 c5 42. a5 Bb5+ 43. Ke1 Kxb2 44. Nf3 Kc3 45. h4 gxh4 46.
Nxh4 Kb4 47. Ng6 f3 48. gxf3 Kxa5 49. f4 h5 50. f5 c4 51. Nf4 h4 52. f6 Be8 53.
Nxd5 h3 54. Kf1 h2 55. Kg2 Bc6 56. Kxh2 Bxd5 0-1

[Event "Euro Online U2300 Day 1"]
[Site "chess.com INT"]
[Date "2020.05.25"]
[Round "4"]
[White "Subelj, Jan"]
[Black "Bruil, Rembrandt"]
[Result "0-1"]
[WhiteTitle "FM"]
[BlackTitle "CM"]
[WhiteElo "2408"]
[BlackElo "2105"]
[WhiteFideId "14618583"]
[BlackFideId "1053590"]
[EventDate "2020.05.25"]

1. e4 d6 2. d4 c6 3. Nf3 Nf6 4. Bd3 g6 5. O-O Bg7 6. c3 O-O 7. Nbd2 Bg4 8. h3
Bxf3 9. Nxf3 Nbd7 10. Bf4 Qc7 11. Qd2 e5 12. Bh6 Rfe8 13. Rfe1 Rad8 14. Nh4 Qb6
15. Nf5 Bxh6 16. Nxh6+ Kf8 17. Bc4 d5 18. exd5 cxd5 19. Bb3 exd4 20. Qxd4 Qxd4
21. cxd4 Rxe1+ 22. Rxe1 Re8 23. Rxe8+ Kxe8 24. Ng4 Ke7 25. f3 Kd6 26. Kf2 Nxg4+
27. hxg4 g5 28. Ke3 Nf8 29. Bc2 h6 30. g3 f6 31. f4 Ne6 32. Bf5 Nc7 33. Bc8 Kc6
34. Kd3 Nb5 35. b3 Nd6 36. fxg5 Nxc8 37. gxh6 Ne7 38. Ke3 Ng6 39. g5 f5 40. a4
Kd6 41. Kf3 Ke6 42. g4 f4 43. b4 Kf7 44. a5 a6 45. Kg2 Nf8 46. Kf3 Ne6 47. h7
Kg7 48. g6 Kh8 49. g5 Kg7 50. Kg4 Kh8 51. Kf3 Kg7 52. Kg4 Nxd4 53. Kxf4 Nc6 54.
Ke3 Nxb4 55. Kd4 Nc6+ 56. Kxd5 Nxa5 57. Ke6 Nc6 58. Kd6 a5 59. Kc5 Ne7 60. Kb6
a4 61. Kxb7 a3 62. Kc7 a2 63. Kd7 Nxg6 64. Ke6 a1=Q 65. Kf5 0-1

[Event "Euro Online U2300 Day 1"]
[Site "chess.com INT"]
[Date "2020.05.25"]
[Round "4"]
[White "Pham, Khoi"]
[Black "Bogdanovics, Kirills"]
[Result "1-0"]
[WhiteElo "2048"]
[BlackElo "1657"]
[WhiteFideId "1054988"]
[BlackFideId "11608064"]
[EventDate "2020.05.25"]

1. d4 d5 2. c4 c6 3. Nf3 Nf6 4. Nc3 e6 5. g3 Nbd7 6. Bg2 dxc4 7. a4 Bb4 8. O-O
O-O 9. Qc2 b6 10. Rd1 Qc7 11. Na2 Bd6 12. Nd2 Bb7 13. Nxc4 Rfd8 14. Nxd6 Qxd6
15. Bf4 Qe7 16. a5 Nd5 17. Bd2 Rac8 18. e4 N5f6 19. Nc3 e5 20. a6 Ba8 21. dxe5
Nxe5 22. Bf4 c5 23. Nb5 Rxd1+ 24. Rxd1 Bc6 25. Nxa7 Qxa7 26. Bxe5 Qxa6 27. Bxf6
gxf6 28. Qc3 Re8 29. Qxf6 Qa4 30. Qg5+ Kh8 31. Rd8 Rxd8 32. Qxd8+ Kg7 33. Qg5+
Kf8 34. h4 Bxe4 35. Qh6+ Kg8 36. Qxb6 Bxg2 37. Kxg2 Qe4+ 38. Kh2 Qd4 39. Kg1
Qd1+ 40. Kg2 Qd5+ 41. f3 Qd2+ 42. Kh3 Qd7+ 43. g4 Qd4 44. g5 Qd7+ 45. Kg3 Qd4
46. Qf6 Qg1+ 47. Kh3 c4 48. h5 Qh1+ 49. Kg4 Qg2+ 50. Kf4 Qd2+ 51. Kg3 Qe1+ 52.
Kg4 Qg1+ 53. Kf4 Qh2+ 54. Ke3 Qxh5 55. Qh6 Qxh6 56. gxh6 Kf8 57. Kd4 Ke7 58.
Kxc4 1-0

[Event "Euro Online U2300 Day 1"]
[Site "chess.com INT"]
[Date "2020.05.25"]
[Round "4"]
[White "Skalsky, Alexandr"]
[Black "Bivol, Alina"]
[Result "0-1"]
[BlackTitle "WGM"]
[WhiteElo "2251"]
[BlackElo "2386"]
[WhiteFideId "381799"]
[BlackFideId "4100123"]
[EventDate "2020.05.25"]

1. e4 e6 2. d4 d5 3. Nc3 Bb4 4. e5 c5 5. Bd2 Nh6 6. a3 Bxc3 7. Bxc3 cxd4 8. Qxd4
Nc6 9. Bb5 O-O 10. Bxc6 bxc6 11. Bb4 Re8 12. f4 a5 13. Bc5 Ba6 14. Nf3 Nf5 15.
Qf2 a4 16. g4 Ne7 17. O-O-O Rb8 18. c3 Qa5 19. Rd2 Qb5 20. Rc2 Qb3 21. Nd4 Qc4
22. Bd6 Rb7 23. f5 Nc8 24. fxe6 fxe6 25. Qh4 Nxd6 26. exd6 c5 27. Nc6 Qf4+ 28.
Kb1 Bd3 29. Ne7+ Rbxe7 30. dxe7 Bxc2+ 31. Kxc2 Qe4+ 32. Kd2 Qxh1 33. Qf2 Rxe7
34. Qxc5 Re8 35. Qc6 Qg2+ 36. Kd3 Qf3+ 37. Kd2 Kf7 38. Qxa4 Qf2+ 39. Kd3 Qxb2
40. Qf4+ Kg8 41. Qe5 Qxa3 42. g5 Qa6+ 43. Kd2 Qb6 44. Kd3 Ra8 45. h4 Qb1+ 46.
Kd4 Qg1+ 47. Kd3 Qd1+ 48. Ke3 Qe1+ 49. Kd4 Ra4+ 0-1

[Event "Euro Online U2300 Day 1"]
[Site "chess.com INT"]
[Date "2020.05.25"]
[Round "4"]
[White "Injac, Teodora"]
[Black "Hartikainen, Jarmo"]
[Result "1-0"]
[WhiteTitle "WIM"]
[BlackTitle "CM"]
[WhiteElo "2286"]
[BlackElo "2149"]
[WhiteFideId "932400"]
[BlackFideId "503134"]
[EventDate "2020.05.25"]

1. d4 Nf6 2. Nf3 g6 3. Nbd2 Bg7 4. e4 d6 5. Bb5+ c6 6. Bd3 O-O 7. O-O Qc7 8. c3
e5 9. h3 Re8 10. Re1 Nbd7 11. a4 Nf8 12. Qc2 Ne6 13. dxe5 dxe5 14. Nc4 Nc5 15.
Bf1 Nh5 16. Be3 Ne6 17. Rad1 Nef4 18. a5 Be6 19. b4 Bxc4 20. Bxc4 b6 21. axb6
axb6 22. Rd2 Red8 23. Red1 Rxd2 24. Qxd2 b5 25. Bb3 Ra3 26. Qb2 Ra8 27. Ng5 h6
28. Nxf7 Kh7 29. g3 Nxh3+ 30. Kg2 Ng5 31. Nxg5+ hxg5 32. Bxg5 Rf8 33. Rh1 Qc8
34. Qe2 1-0

[Event "Euro Online U2300 Day 1"]
[Site "chess.com INT"]
[Date "2020.05.25"]
[Round "4"]
[White "Samadov, Read"]
[Black "Atanasov, Radislav"]
[Result "0-1"]
[WhiteTitle "CM"]
[WhiteElo "2332"]
[BlackElo "2115"]
[WhiteFideId "13417444"]
[BlackFideId "2901471"]
[EventDate "2020.05.25"]

1. d4 Nf6 2. c4 c5 3. d5 e6 4. Nc3 exd5 5. cxd5 d6 6. e4 g6 7. f4 Bg7 8. Nf3 O-O
9. Be2 Re8 10. e5 dxe5 11. fxe5 Ng4 12. e6 fxe6 13. d6 Qb6 14. Qa4 Nf6 15. O-O
Nc6 16. Qh4 Nd4 17. Nxd4 cxd4 18. Na4 Qxd6 19. Rxf6 d3 20. Bf3 d2 21. Bxd2 Qxd2
22. Rd1 Qe3+ 23. Kh1 Bxf6 24. Qxf6 Rf8 25. Qe7 Rf7 26. Qd8+ Kg7 27. Nc3 Rf8 28.
Qe7+ Rf7 29. Qd8 e5 30. Nd5 Qc5 31. h4 Bg4 32. Qxa8 Rxf3 33. Kh2 Rh3+ 34. gxh3
Qf2+ 35. Kh1 Bf3# 0-1

[Event "Euro Online U2300 Day 1"]
[Site "chess.com INT"]
[Date "2020.05.25"]
[Round "4"]
[White "Kresz, Adam"]
[Black "Kucera, Jiri"]
[Result "1-0"]
[WhiteElo "2138"]
[BlackElo "2019"]
[WhiteFideId "794422"]
[BlackFideId "309494"]
[EventDate "2020.05.25"]

1. e4 c5 2. Nf3 e6 3. d3 Nc6 4. Nbd2 g6 5. g3 Bg7 6. Bg2 d5 7. O-O Nge7 8. Re1
O-O 9. Qe2 Qc7 10. Nf1 Nd4 11. Nxd4 cxd4 12. Bf4 e5 13. exd5 Nxd5 14. Bxe5 Bxe5
15. Qxe5 Qxe5 16. Rxe5 Nb4 17. a3 Nc6 18. Rc5 Bd7 19. b4 a6 20. Nd2 Rac8 21. Nc4
Rc7 22. a4 Ra8 23. Nb6 Rd8 24. b5 Be8 25. bxc6 bxc6 26. Re1 Kf8 27. a5 Rd6 28.
Nc4 Re6 29. Rxe6 fxe6 30. Ne5 Rb7 31. f4 Rb5 32. Rxb5 cxb5 33. Bc6 b4 34. Bxe8
Kxe8 35. Nc6 1-0

[Event "Euro Online U2300 Day 1"]
[Site "chess.com INT"]
[Date "2020.05.25"]
[Round "4"]
[White "Adamczewski, Maciej"]
[Black "Korotaev, Yaroslav"]
[Result "0-1"]
[WhiteElo "2045"]
[BlackElo "1893"]
[WhiteFideId "1148702"]
[BlackFideId "54153450"]
[EventDate "2020.05.25"]

1. d4 Nf6 2. c4 e6 3. Nf3 b6 4. g3 Bb7 5. Bg2 Be7 6. O-O O-O 7. Nc3 Ne4 8. Qc2
Nxc3 9. bxc3 c5 10. e4 Nc6 11. Be3 Na5 12. Qd3 Ba6 13. Nd2 Rc8 14. d5 d6 15. f4
exd5 16. exd5 Qd7 17. Be4 f5 18. Bf3 Bf6 19. a4 Rfe8 20. Rfe1 Re7 21. Bf2 Rce8
22. Rxe7 Rxe7 23. Re1 Rxe1+ 24. Bxe1 Qe7 25. Bf2 g6 26. g4 Qg7 27. Kh1 Bxc3 28.
gxf5 Bxd2 29. Qxd2 gxf5 30. Qe2 Qa1+ 31. Kg2 Qg7+ 32. Kh1 Qd7 33. Be1 Bxc4 34.
Qg2+ Qg7 35. Qc2 Qa1 36. Qg2+ Kf8 37. Qg3 Qg7 38. Qh4 Qe7 39. Qh6+ Kg8 40. Bc3
Bd3 41. Kg1 Qe3+ 42. Kg2 Bf1+ 43. Kg3 Qg1+ 44. Kh4 Qxh2+ 45. Kg5 Qxh6+ 46. Kxh6
Nc4 47. Kg5 Bd3 48. Kf6 Be4 49. Bxe4 fxe4 50. Ke7 h5 51. Ke6 h4 52. f5 h3 53. f6
Kf8 54. f7 Ne3 55. Bd2 h2 56. Bxe3 h1=Q 57. Bg5 Qh3+ 0-1

[Event "Euro Online U2300 Day 1"]
[Site "chess.com INT"]
[Date "2020.05.25"]
[Round "4"]
[White "Sviridov, Vladislav"]
[Black "Ivanovitch, Nicholas Michael"]
[Result "1-0"]
[BlackTitle "CM"]
[WhiteElo "2123"]
[BlackElo "2201"]
[WhiteFideId "24121843"]
[BlackFideId "2263041"]
[EventDate "2020.05.25"]

1. e4 g6 2. d4 Bg7 3. Nf3 d6 4. Bd3 Nd7 5. O-O Ngf6 6. h3 O-O 7. Be3 Re8 8. Nbd2
e5 9. dxe5 Nxe5 10. Nxe5 Rxe5 11. Bd4 Re8 12. Qf3 Nh5 13. Qe3 Bxd4 14. Qxd4 Qg5
15. Nf3 Qf4 16. Nh2 Bd7 17. Rae1 Re5 18. Qe3 Qxe3 19. Rxe3 Rae8 20. Nf3 R5e7 21.
Rfe1 Bc6 22. Nd4 Ng7 23. Nxc6 bxc6 24. Bc4 Re5 25. f4 R5e7 26. Kf2 Ne6 27. Bxe6
Rxe6 28. Ra3 Rxe4 29. Rxe4 Rxe4 30. Kf3 Rb4 31. b3 Rb7 32. Ra6 c5 33. Ke4 Kf8
34. Kd5 Ke7 35. Kc6 Rb6+ 36. Rxb6 cxb6 37. c4 f5 38. a4 Ke6 39. Kb7 Kd7 40. Kxa7
Kc6 41. Kb8 h6 42. h4 h5 43. g3 d5 44. cxd5+ Kxd5 45. Kb7 c4 46. bxc4+ Kxc4 47.
Kc7 Kb3 48. Kxb6 Kxa4 49. Kc5 Kb3 50. Kd5 Kc3 51. Ke5 Kd3 52. Kf6 Kd4 53. Kxg6 1-0

[Event "Euro Online U2300 Day 1"]
[Site "chess.com INT"]
[Date "2020.05.25"]
[Round "4"]
[White "Salimova, Nurgyul"]
[Black "Astafurov, Arseniy"]
[Result "1/2-1/2"]
[WhiteTitle "IM"]
[BlackTitle "FM"]
[WhiteElo "2372"]
[BlackElo "2330"]
[WhiteFideId "2915138"]
[BlackFideId "24175218"]
[EventDate "2020.05.25"]

1. d4 d5 2. c4 c6 3. Nc3 Nf6 4. Nf3 a6 5. c5 b6 6. cxb6 Qxb6 7. e3 e6 8. Bd3
Nbd7 9. O-O Be7 10. b3 O-O 11. Na4 Qc7 12. Bb2 a5 13. Rc1 Ba6 14. Bxa6 Rxa6 15.
Qd3 Ra7 16. Rc2 Nb6 17. Nxb6 Qxb6 18. Rfc1 Rc8 19. Ne5 Rac7 20. Qe2 Nd7 21. Nxd7
Rxd7 22. h3 Rdc7 23. g3 Bd6 24. Kg2 h6 25. h4 Qb5 26. h5 a4 27. Qxb5 cxb5 28.
Rxc7 Rxc7 29. Rxc7 Bxc7 30. bxa4 bxa4 31. Ba3 g6 32. g4 Kg7 33. Kf3 Kf6 34. hxg6
fxg6 35. Bf8 h5 36. gxh5 gxh5 37. Kg2 Kf5 38. f3 Bd8 39. Bd6 Bg5 40. Kf2 Bh4+
41. Kg2 Be1 42. Be7 Kg6 43. Kf1 Bd2 44. Ke2 Bc1 45. Kf2 Kf7 46. Bh4 Ke8 47. Ke2
Kd7 48. Bf6 Kc6 49. Kd3 Ba3 50. Bg5 Bd6 51. Bh4 Kb5 52. e4 Kb4 53. e5 Bf8 54. f4
Ka3 55. Kc2 Kxa2 56. f5 exf5 57. e6 f4 58. e7 Bxe7 59. Bxe7 f3 60. Bh4 Ka3 61.
Be7+ Ka2 62. Bh4 Ka3 63. Be7+ Ka2 1/2-1/2

[Event "Euro Online U2300 Day 1"]
[Site "chess.com INT"]
[Date "2020.05.25"]
[Round "4"]
[White "Ivchenko, Alexander"]
[Black "Buksa, Nataliya"]
[Result "0-1"]
[BlackTitle "IM"]
[WhiteElo "1891"]
[BlackElo "2410"]
[WhiteFideId "24213268"]
[BlackFideId "14123622"]
[EventDate "2020.05.25"]

1. e4 c5 2. Nf3 Nc6 3. Bb5 g6 4. Bxc6 dxc6 5. d3 Bg7 6. h3 Nf6 7. O-O Nd7 8. Nc3
e5 9. Be3 Qe7 10. Qd2 b6 11. Nh2 Nf8 12. f4 exf4 13. Rxf4 Ne6 14. Rf2 Nd4 15.
Raf1 Be6 16. a4 a5 17. Bg5 Qc7 18. Bf4 Be5 19. Bxe5 Qxe5 20. Nf3 Nxf3+ 21. Rxf3
O-O-O 22. b3 f5 23. exf5 Bxf5 24. Kh1 Rhe8 25. R3f2 Qd4 26. Ne2 Qe3 27. Qxe3
Rxe3 28. Kh2 Rde8 29. Ng3 Bd7 30. Ne4 Re7 31. Rf8+ Kc7 32. R1f7 Rxf7 33. Rxf7
Kd8 34. Rxh7 Re2 35. Nd6 Be6 36. Nb7+ Ke8 37. Nd6+ Kd8 38. Nb7+ Ke8 39. Nd6+ Kf8
40. Rb7 Rxc2 41. Rxb6 Bd5 42. Ne4 Rb2 43. h4 c4 44. Rb8+ Ke7 45. Rb7+ Kd8 46.
Nc3 Rxb3 47. Rxb3 cxb3 48. Nd1 Ke7 49. Kg3 Kd6 50. d4 c5 51. Kf4 Bxg2 52. Ke3
Kd5 53. dxc5 Kxc5 54. Kd3 Kb4 55. Nb2 Bc6 56. Kd4 Bxa4 57. Nd3+ Ka3 58. Kc3 Bb5
59. Nb2 a4 60. Nd1 Bd7 61. Nb2 Ka2 0-1

[Event "Euro Online U2300 Day 1"]
[Site "chess.com INT"]
[Date "2020.05.25"]
[Round "4"]
[White "Queirolo Perez, Manuel"]
[Black "Reizniece-Ozola, Dana"]
[Result "0-1"]
[BlackTitle "WGM"]
[WhiteElo "2145"]
[BlackElo "2311"]
[WhiteFideId "3401219"]
[BlackFideId "11601124"]
[EventDate "2020.05.25"]

1. e4 g6 2. d4 Bg7 3. Nf3 d6 4. Be2 Nf6 5. Nc3 O-O 6. Be3 c6 7. Qd2 b5 8. a3
Nbd7 9. h3 e5 10. Bg5 Qc7 11. d5 cxd5 12. Nxb5 Qb8 13. exd5 Ne4 14. Qb4 Nxg5 15.
Nxg5 Nc5 16. O-O h6 17. Nf3 a6 18. Nc3 Qc7 19. Qh4 g5 20. Qh5 Bf5 21. Rac1 e4
22. Nh2 Bg6 23. Qg4 f5 24. Qg3 Be5 25. Qe3 Bf4 26. Qd4 Bxc1 27. Rxc1 Qg7 28. Qd2
f4 29. Bg4 Qe5 30. Re1 h5 31. Bd1 Rae8 32. Nf3 Qf6 33. Nd4 e3 34. Qe2 Qxd4 35.
f3 Qd2 36. Qf1 Bxc2 37. Re2 Bd3 38. Nb1 Bxe2 39. Bxe2 Qxb2 40. Qe1 Rb8 41. Nc3
Qd2 42. Qa1 Nb3 43. Qb1 Qc1+ 44. Qxc1 Nxc1 45. Bxa6 Ra8 46. Bc4 Rfc8 0-1